000 00507nmm a2200169Ia 4500
008 251105s9999||||xx |||||||||||||||||und||
020 _a9788481696349
041 _aspa
100 _aMorla Asensio, Víctor
245 0 _aPoemas de amor y de deseo :
_b Cantar de los cantares
264 _a[Madrid, España] :
_bEditorial Verbo Divino,
_c2004
300 _a416 páginas
490 _aEstudios bíblicos
650 _aReligion(s)
856 _uhttps://public.digitaliapublishing.com/a/2429
942 _cCF
999 _c85929
_d85929